000 00351 a2200109 4500
001 ART_2837
005 20260410161710.0
008 260409a
245 1 0 _aObstáculos políticos para el desarrollo económico del Brasil
100 1 _aFurtado, Celso
773 0 _tDesarrollo económico
_g- Vol. 4, Nº 16 (abr./jun. 1965)
_wREV1174
999 _c16010
_d16010